000 00482nam a2200181Ia 4500
008 240925s9999 xx 000 0 und d
020 _a8120323033
082 _a330.0151 MOU
100 _aMouhammed, Adil H.
245 0 _aQuantitative methods for business and economics
250 _aNA
260 _aNew Delhi:
_bPHI Learning
_c,2000.
300 _a222p.
_bN.A
_fOriginal
500 _aIncludes Index
600 _aSocial Sciences
650 _aSocial Sciences
942 _cBK
999 _c17756
_d17756